Statistiche per Capitali del mondo più vicino a Zagabria

Clicka qui per fare il quiz!

Statistiche generali

  • Questo quiz è stato fatto 70 volte
  • Il punteggio medio è 17 su 20

Statistiche sulle risposte

kmcapitale% Corretto
517Roma
100%
300Budapest
97%
117Lubiana
97%
348San Marino
97%
269Vienna
97%
666Berna
95%
368Belgrado
91%
291Sarajevo
89%
519Città del Vaticano
86%
588Tirana
86%
769Berlino
82%
459Podgorica
82%
489Praga
82%
273Bratislava
80%
680Sofia
80%
802Varsavia
80%
610Skopje
78%
517Vaduz
75%
542Pristina
72%
714Monaco
54%

Distribuzione punteggi

Percentile per numero di risposta

Percentuale di utenti per punteggio

I tuoi punteggi nel tempo

Non hai fatto questo quiz